Group of 30 study draws lessons from East Germany's economic transformation.

Hodnotenie procesu transformácie východného Nemecka na trhový systém. Špecifické výhody bývalej NDR proti ostatným socialistickým krajinám na začiatku procesu. Ekonomické a sociálne dopady integrácie oboch častí Nemecka. Reštrukturácia výroby a ďalších činností z hľadiska pracovných príležitostí. Vz...

ver descrição completa

Na minha lista:
Detalhes bibliográficos
Formato: Capítulo de Livro
Idioma:inglês
Assuntos:
Tags: Adicionar Tag
Sem tags, seja o primeiro a adicionar uma tag!

MARC

LEADER 00000naa a2200000 4500
001 r007765
005 20220913122329.3
041 0 |a eng 
044 |a US 
245 1 0 |a Group of 30 study draws lessons from East Germany's economic transformation. 
520 |a Hodnotenie procesu transformácie východného Nemecka na trhový systém. Špecifické výhody bývalej NDR proti ostatným socialistickým krajinám na začiatku procesu. Ekonomické a sociálne dopady integrácie oboch častí Nemecka. Reštrukturácia výroby a ďalších činností z hľadiska pracovných príležitostí. Vzťahy deregulácie a privatizácie a potrebné opatrenia. Kapitál a mzdová politika. Finančné a medzinárodné aspekty. 
610 2 0 |a integrácia ekonomická 
610 2 0 |a Nemecko 
610 2 0 |a zmeny štruktúrne 
610 2 0 |a výroba 
610 2 0 |a privatizácia 
610 2 0 |a príležitosť pracovná 
610 2 0 |a politika mzdová 
610 2 0 |a financie 
610 2 0 |a vzťahy hospodárske vonkajšie 
610 2 0 |a východné Nemecko 
610 2 0 |a reformy hospodárske